Caperucita roja

Gespeichert in:
Bibliographische Detailangaben
Format: Buch
Sprache:Spanisch
Erschienen: [S.l.] : Everest, [20--?]
Katalog:MANES:  Suchergebnis im Bibliothekskatalog
Schulbuchspezifische Eigenschaften:
Schriftenreihe:Cuento aventura. 3 años. Primer trimestre ; 2
Tags: Tag hinzufügen
Keine Tags, Fügen Sie den ersten Tag hinzu!
Hinzugefügt zu:29.11.1999
Geändert in:07.05.2025

MARC

LEADER 00000cam a2200000#i 4500
005 20250507134450.0
008 000000q20002010espa fp 000 0 spa d
040 |a uned  |b spa  |c entro-manes 
245 0 0 |a Caperucita roja 
260 |a [S.l.] :   |b Everest,   |c [20--?] 
300 |a [8 p.] :   |b il 
490 0 |a Cuento aventura. 3 años. Primer trimestre ;   |v 2 
546 |a EspañaEscritura y Lectura 
561 |5 es-BUNED  |3 L.T.M. 2831  |a España. Fondo Manes UNED  |k MANES 
691 0 |a IN 
942 |2 ddc  |c BK 
999 |c 95064  |d 95064 
999 |c manes:95064  |d 95064